000 02453nam0a2200445 4500
001 RU\NLR\bibl\961057
005 20260405083352.0
010 _a5-8459-0959-7
_93000
021 _aRU
_b2006-24348
_91213
035 _a(nilc)RSL-KNO-002877497
035 _a(NLR Aleph) 000949087
090 _a268215
_c268215
100 _a20060505d2006 |||y0rusy50 ca
101 1 _arus
_ceng
102 _aRU
105 _aa |||||||||
106 _ar
200 1 _aАвтоматизация Microsoft Access с помощью VBA
_fМайк Гандерлой, Сьюзан Сейлз Харкинз
_g[пер. с англ. и ред. С.А. Храмова]
210 _aМосква [и др.]
_cВильямс
_d2006
215 _a412 с.
_cил.
_d24
225 1 _aБизнес-решения
300 _aЗагл. и авт. ориг.: Automating Microsoft Access with VBA / Mike Gunderloy, Susan Sales Harkins
320 _aПредм. указ.: с. 408-412
454 0 _12001#$aAutomating Microsoft Access with VBA
_1700#1$aGunderloy$bM.$gMike$4070
_1701#1$aHarkins$bS. S.$gSusan Sales$4070
_tAutomating Microsoft Access with VBA
_aGunderloy, Mike
606 1 _aVBA, язык программирования
_92170565
_3RU\NLR\auth\661305713
606 1 _aMICROSOFT ACCESS, система управления базами данных
_xПрограммирование
_92284876
_3RU\NLR\auth\661368730
610 0 _aВычислительная техника -- Вычислительные машины электронные цифровые -- Персональные компьютеры -- Программирование -- Базы данных -- Управление
610 0 _aВычислительная техника -- Вычислительные машины электронные цифровые -- Персональные компьютеры -- Программирование -- Языки программирования -- VBA
610 0 _aVisual Basic for Applications
610 0 _aVBA
686 _aЗ973.26-018.2-5-05,0
_2rubbk
686 _aЗ973.26-018.19VBA,0
_2rubbk
686 _aЗ973.233-018.2
700 1 _4070
_8rus
_7ca
_aГандэрлой
_bМ.
_gМайк
_3RU\NLR\auth\7729820
_912848
701 1 _aХаркинз
_bС. С.
_gСузан Сейлз
_4070
801 0 _aRU
_bРКП
_c20060505
_grcr
801 1 _aRU
_bРГБ
_c20060505
801 2 _aRU
_bNLR
_c20060622
_grcr
942 _cBOOK
980 _aNB